Statistics for Do You know about the Premier League

Click here to take the quiz!

General Stats

  • This quiz has been taken 25 times
  • The average score is 6 of 8

Answer Stats

QuestionAnswer% Correct
Who has won the most Premier League Titles?Man Utd
100%
Who has scored the most goals in the Premier League?Alan Shearer
92%
Who has the most points in Premier League history?Man Utd
92%
What Premier League stadium has the most attendance?Old Trafford
83%
What team has the most red cards in Premier League history?Arsenal
67%
Who has been relegated the most times in Premier League history?Norwich City
63%
Who has made the most apperances in Premier League history?Gareth Barry
58%
When did the Premier League started?1992
54%

Score Distribution

Percentile by Number Answered

Percent of People with Each Score

Your Score History

You have not taken this quiz